Welcome to the Holygrace Academy Library

Please use search bar below to get started

THE NO.1 FOOTBALL ANNUAL (Record no. 3084)

MARC details
000 -LEADER
fixed length control field 00251nam a22001217a 4500
082 ## - DEWEY DECIMAL CLASSIFICATION NUMBER
Classification number 823
Item number PED/V
100 ## - MAIN ENTRY--AUTHOR NAME
Personal name PEDIGREE BOOKS
245 ## - TITLE STATEMENT
Title THE NO.1 FOOTBALL ANNUAL
260 ## - PUBLICATION, DISTRIBUTION, ETC. (IMPRINT)
Name of publisher PEDIGREE
300 ## - PHYSICAL DESCRIPTION
Number of Pages 77
650 ## - SUBJECT ADDED ENTRY--TOPICAL TERM
Topical Term ENGLISH SHORT STORY
942 ## - ADDED ENTRY ELEMENTS (KOHA)
Koha item type Books
Holdings
Withdrawn status Lost status Collection code Home library Current library Shelving location Date acquired Source of acquisition Full call number Accession Number Koha item type
    Fiction Main Library Main Library SHELF 3- D- ENGLISH CHILDRENS LITERATURE &MYTHOLOGY 05/02/2019 PURCHASE 823 PED/V 11021 Books